00542nam a2200193Ia 450000500170000000800410001702000180005804100120007608200170008810000190010524500520012425000120017626000410018830000220022944000350025165000200028665000230030665000190032920260429111918.0260429s9999||||xx |||||||||||||| ||und|| a9781041203551 aEnglish a303.372bLIN aLind, E. Allan 0aSocial psychology and justice / cE. Allan Lind a1st ed. aUnited Kingdom : bRoutledge,c2020. aviii, 305 p.; pbk aFrontiers in social psychology a Social justice a Social pscyhology aSocial process